000 00768nam a2200253 a 4500
999 _c1817
_d1817
001 016065843
003 UkOxU
005 20230201132905.0
008 040929r20022001enk j 000 1 eng
015 _abA2W1327
020 _a9780007127351 (pbk)
035 _a(UkLCURL)b10013004714
040 _aBDS
_cBDS
_dUk
_dKH8
049 _lb
082 1 4 _a823.914 KER
_221
100 1 _aKerr, Judith.
_eauthor
245 1 4 _aThe Other Goose /
_cJudith Kerr.
260 _aLondon :
_bCollins Picture Books,
_c2002.
300 _a[32] p. :
_bchiefly col. ill ;
_c28 cm.
500 _aOriginally published: London: HarperCollins, 2001.
650 0 _aGeese
_vPictorial works
_vJuvenile fiction.
650 0 _aLoneliness
_vPictorial works
_vJuvenile fiction.
942 _2ddc
_cNFIC